Mad Max: Fury Road (2015): Characters by Picture - Statistics

General Stats
  • This quiz has been taken 36 times
  • The average score is 8 of 20
Answer Stats
Picture Answer % Correct
"Mad" Max Rockatansky
100%
Imperator Furiosa
92%
Immortan Joe
79%
Nux
63%
Rictus Erectus
50%
The Bullet Farmer
42%
The People Eater
38%
Slit
29%
The Organic Mechanic
29%
Toast the Knowing
29%
Capable
25%
Cheedo the Fragile
25%
Corpus Colossus
25%
Miss Giddy
25%
The Splendid Angharad
25%
Ace
21%
The Dag
21%
Keeper of the Seeds
17%
Valkyrie
17%
Glory the Child
13%
No matching quizzes found
Score Distribution
Percent of People with Each Score
Percentile by Number Answered
Your Score History
You have not taken this quiz